| 000 | 00474nam a22001577a 4500 | ||
|---|---|---|---|
| 005 | 20240214062830.0 | ||
| 008 | 240214b |||||||| |||| 00| 0 eng d | ||
| 041 | _aAfrikaans / English | ||
| 082 | _a349 TYD | ||
| 100 | _lAfrikaans / English | ||
| 245 | _aTydskrif vir Hedendaagse Romeins-Hollandse Reg | ||
| 260 |
_aDurban : _bButterworth, _c2006 |
||
| 300 |
_b173 pages ; _c25 cm. |
||
| 650 |
_aLegal practice _bLaw |
||
| 942 |
_cBK _6ALISON_BN_VRIES |
||
| 999 |
_c1360 _d1360 |
||